Statistics for N.C.I.S Characters by Number of Episodes

Click here to take the quiz!

General Stats

  • This quiz has been taken 75 times
  • The average score is 12 of 20

Answer Stats

Number of EpisodesAnswer% Correct
418Leroy Jethro Gibbs
98%
370Dr. Donald Mallard
92%
442Timothy McGee
92%
196Ziva David
92%
308Anthony DiNozzo, Jr
90%
310Dr. James Palmer
83%
240Leon Vance
80%
54Caitlin Todd
72%
352Abigail Sciuto
68%
172Eleanor Bishop
68%
53Jennifer Shepard
63%
151Nicholas Torres
52%
55Tobias Fornell
47%
45Jessica Knight
32%
42Alden Parker
28%
106Kasie Hines
27%
22Michael Franks
22%
24Alexandra Quinn
20%
73Jacqueline Sloane
20%
28Clayton Reeves
15%

Score Distribution

Percentile by Number Answered

Percent of People with Each Score

Your Score History

You have not taken this quiz